000
00341nam a2200145Ia 4500
008
150201s2005 xx 000 0 und d
082
_a
616.07
_b
R2005V
100
_a
VINAY KUMAR
245
_a
ROBINS BASIC PATHOLOGY
250
_a
7TH
260
_b
SAUNDERS
_a
PHILADELPHIA
_c
2005
300
_a
1-873
650
_a
PATHOLOGY
942
_2
ddc
_c
BK
999
_c
3663
_d
3663